00497nam a2200193 a 4500001001300000003000900013005001700022008004100039020001000080082001800090100002100108245003500129260002400164300000900188500003500197505003600232650001400268700002100282nice12345678IN_TiNIC20260116013449.0050524s1994 raba grp 000 0 eng  ac10000a956.9405bEIN aKana`ina, Sherif aDestroyed Palestinian Villages aRabatbIsescoc1994 a316p aincludes index and biblioraphy2 aThe case of the satanic verses. aPalestine1 aKana`ina, Sherif